Energetické hospodářství velkých měst - 2 městská doprava

Saved in:
Bibliographic Details
Main Author: Válek, Dušan
Format: Book
Language:Czech
Published: Praha Ústředí vědeckých, technických a ekonomických informací 1983
Tags: Add Tag
No Tags, Be the first to tag this record!

MARC

LEADER 00000nam a2200000 4500
001 c132014
005 20041019155254.0
041 0 |a cze 
044 |a CZ 
245 1 0 |a Energetické hospodářství velkých měst - 2  |b městská doprava  |c Dušan Válek 
264 1 |a Praha  |b Ústředí vědeckých, technických a ekonomických informací  |c 1983 
300 |a 66 s. 
100 1 |a Válek, Dušan